Restif's novels; or, An autobiography in search of an author,

Saved in:
Bibliographic Details
Main Author: Porter, Charles A. (Charles Allan)
Format: Book
Language:English
Published: New Haven, Yale University Press, 1967.
Series:Yale Romanic studies ; 2d ser.,16
Subjects:
LEADER 01209nam a22002771 4500
001 c000324039
003 CARM
005 00000000000000.0
008 731212s1967 ctuch b 00010aeng
010 |a 66021531 //r954 
019 1 |a 656118  |z 12402334  |z 45073141  |5 LACONCORD2021 
035 |a (OCoLC)494104  |5 LACONCORD2021 
050 0 0 |a PQ2025.Z5  |b P6 
082 0 0 |a 843/.5 
100 1 |a Porter, Charles A.  |q (Charles Allan) 
245 1 0 |a Restif's novels;  |b or, An autobiography in search of an author,  |c by Charles A. Porter. 
260 |a New Haven,  |b Yale University Press,  |c 1967. 
300 |a viii, 441 p.  |b facsims., port.  |c 24 cm. 
490 0 |a Yale Romanic studies ;  |v 2d ser.,16 
504 |a "Restif bibliography since 1949": p. [421]-426. Bibliographical footnotes. 
600 2 0 |a Restif de la Bretonne,  |d 1734-1806  |x Criticism and interpretation. 
650 0 |a Autobiographical fiction, French  |x History and criticism. 
740 0 |a Autobiography in search of an author. 
852 8 |b CARM  |h A1:AL10D0  |i C10386  |p 0455965  |f BK 
999 f f |i bae9a64c-eec0-5291-b698-ef62bcdde4a7  |s ae668563-79de-5169-b406-a5ea43aadaaa 
952 f f |p Can circulate  |a CAVAL  |b CAVAL  |c CAVAL  |d CARM 1 Store  |e C10386  |f A1:AL10D0  |h Other scheme  |i book  |m 0455965